00872nam a2200253 i 4500003000900000005001700009007000300026008002900029020001800058040003100076082003000107100002500137245002900162264005000191300002500241336002700266337003300293338002800326500007700354600004900431651005000480651004300530700004500573DO-SdBNP20240205121016.0ta100812s2019 dr 000 0 spa d a9789945617245 aDO-SdBNPbspacBPMSU erda 4a923.27293bS194J 20192221 aJavier, Luis e1986-10aSánchez /cLuis Javier aSanto Domingo :bEditorial Santuario, c2019. a85 páginasc23 cm. 2rdacontentatextobtxt 2rdamediaasin mediaciónbn 2rdacarrieravolumenbnc aIncluye datos biografícos del autor en la solapa de la contraportada. 14aRosario Sánchez, Francisco del d1817-1861 4aRepública Dominicana xHistoria y1844-1864 4aRepública Dominicana vBiografías 1 aRodríguez Pérez, Rafael J. eeditor